| 000 | 00532nam a22001817a 4500 | ||
|---|---|---|---|
| 999 |
_c264212 _d264211 |
||
| 003 | OSt | ||
| 005 | 20240806103407.0 | ||
| 008 | 240806b xxu||||| |||| 00| 0 eng d | ||
| 010 | _a82083093 | ||
| 020 | _a030703013X | ||
| 020 | _a0307602133 (lib.bdg.) | ||
| 040 | _cDLC | ||
| 050 |
_aPZ7 _b.P219 1984 |
||
| 245 |
_aHush, Hush, It's SleepyTime _cby Peggy Parish, illustrated by Leonid Pinchevsky |
||
| 260 |
_aUSA _aRacine _aWisconsin _bWestern Publishing Co.Inc. _bA Little Golden Book _c1984 |
||
| 300 | _bill. | ||
| 942 |
_2lcc _cBK |
||